00371nam a2200145Ia 4500008004100000020001800041041000800059082002000067100003200087245003400119250000600153260004100159300001600200650000900216210716s2012 xx 000 0 und d a9788126534159 aeng a330.015195 MADG aMaddala, G S;Lahiri, Kajal. aIntroduction to econometrics. a4 aNew DelhibWiley India Pvt Ltdc2012 axx,634/2016 aNone